000 00658nam a2200277Ia 4500
005 20260324150956.0
008 008 260324s9999 xx 000 0 eng d
020 _a9780429461873
037 _aEBOOK
040 _aCRL
040 _beng
040 _cCRL
041 _2eng
041 _aeng
084 _qCRL
100 _aHenry Dwight Chapin; Henry Fairfield Osborn
_91228286
245 0 _aHeredity and Child Culture
260 _bTaylor and Francis
260 _c1923
365 _a
365 _b160
856 _uhttp://www.taylorfrancis.com/books/9780429461873
942 _cEBOOK
999 _c1838640
_d1838640